000 01144nam a22001577a 4500
999 _c519826
_d519826
008 220510b ||||| |||| 00| 0 eng d
100 _aBanerjee, Abhijit, Duflo, Esther and Sharma, Garima
_933100
245 _aLong-term effects of the targeting the ultra poor program
260 _aThe American Economic Review: Insights
300 _a3(4), Dec, 2021: p.471-486
520 _aThis paper studies the long-run effects of a "big-push" program providing a large asset transfer to the poorest Indian households. In a randomized controlled trial that follows these households over ten years, we find positive effects on consumption (0.6 SD), food security (0.1 SD), income (0.3 SD), and health (0.2 SD). These effects grow for the first seven years following the transfer and persist until year ten. One main channel for persistence is that treated households take better advantage of opportunities to diversify into more lucrative wage employment, especially through migration. – Reproduced
650 _aUltra poor program, Poor, Poverty
_933101
773 _aThe American Economic Review: Insights
906 _aPOVERTY
942 _cAR